[Event "Challenge"]
[Site "http://www.queenalice.com/game.php?id=403946"]
[Date "2008.5.16"]
[Round "-"]
[White "Gadou"]
[Black "braun_howard"]
[Result "1-0"]
[WhiteElo "1417"]
[BlackElo "1412"]

1. e4 e5 2. Qh5 g6 3. Qxe5+ Qe7 4. Qxh8 Nf6 5. f3 d5 6. d3 Kd7 7. c3 h6 8. Bxh6
Bxh6 9. Qxh6 Na6 10. g3 Ke8 11. Qh8+ Kd7 12. Bh3+ Kc6 13. Bxc8 Qe8 14. Qxf6+ Kb5
15. Bxb7 Rb8 16. Qxa6+ Kc5 17. b4# 1-0

[Event "Challenge"]
[Site "http://www.queenalice.com/game.php?id=403947"]
[Date "2008.5.16"]
[Round "-"]
[White "PROFALEXANDRE"]
[Black "braun_howard"]
[Result "0-1"]
[WhiteElo "1518"]
[BlackElo "1435"]

1. e4 e5 2. Nf3 Nc6 3. Bb5 f6 4. a3 Nd4 5. Nxd4 exd4 6. O-O c6 7. Bc4 b5 8. Bxg8
Rxg8 9. Qh5+ g6 10. Qxh7 Rg7 11. Qh3 d5 12. Qf3 dxe4 13. Qxe4+ Be7 14. Qxc6+ Bd7
15. Qe4 Bf5 16. Qf3 Rh7 17. h3 Bd6 18. Re1+ Be5 19. g4 Bxc2 20. Qc6+ Kf8 21.
Qxc2 Rxh3 22. Qxg6 Ke7 23. Qf5 Qh8 24. Rxe5+ fxe5 25. Qg5+ Kd6 26. Qg6+ Kd5 27.
d3 Rh1+ 28. Kg2 Qh2+ 29. Kf3 Rf8+ 30. Qf5 Rxf5+ 31. gxf5 Qh5+ 32. Kg2 Qh3# 0-1

[Event "Challenge"]
[Site "http://www.queenalice.com/game.php?id=405743"]
[Date "2008.5.20"]
[Round "-"]
[White "koutouzov"]
[Black "braun_howard"]
[Result "1-0"]
[WhiteElo "1770"]
[BlackElo "1469"]

1. e4 e5 2. Nf3 d6 3. d4 Bg4 4. dxe5 Bxf3 5. gxf3 dxe5 6. Qxd8+ Kxd8 7. Bc4 Ke8
8. Nc3 Bb4 9. Be3 c6 10. O-O-O Bxc3 11. bxc3 b5 12. Bb3 Nf6 13. Rd6 Ke7 14. Bc5
Rd8 15. Rhd1 Na6 16. Rxd8+ Nxc5 17. Rxa8 Nxb3+ 18. cxb3 g5 19. Rxa7+ Kf8 20.
Rd8+ Kg7 21. Rc8 g4 22. Rcc7 gxf3 23. Rxf7+ Kg6 24. Rg7+ Kh5 25. Rge7 1-0

[Event "Challenge"]
[Site "http://www.queenalice.com/game.php?id=405744"]
[Date "2008.5.20"]
[Round "-"]
[White "braun_howard"]
[Black "koutouzov"]
[Result "0-1"]
[WhiteElo "1465"]
[BlackElo "1774"]

1. e4 c5 2. d3 Nc6 3. a3 e6 4. Nh3 d5 5. Qf3 d4 6. Nd2 e5 7. Nc4 Be7 8. Qg3 Bf6
9. Bg5 h6 10. Bxf6 Qxf6 11. b4 b5 12. Na5 Nxa5 13. bxa5 Ne7 14. f4 Bxh3 15. gxh3
Nc6 16. a4 exf4 17. Qg4 f3 18. Kf2 Ne5 19. Qf5 Qxf5 20. exf5 O-O-O 21. axb5 Rd6
22. b6 Kb7 0-1

[Event "Challenge"]
[Site "http://www.queenalice.com/game.php?id=406819"]
[Date "2008.5.22"]
[Round "-"]
[White "braun_howard"]
[Black "Gadou"]
[Result "1-0"]
[WhiteElo "1413"]
[BlackElo "1441"]

1. e4 e5 2. Nc3 d6 3. Bc4 a6 4. Qf3 Qf6 5. Qxf6 Nxf6 6. Nd5 Kd7 7. d3 c6 8. Nb6+
Kc7 9. Nxa8+ Kd8 10. Bg5 h6 11. Bxf6+ gxf6 12. Bxf7 a5 13. O-O-O Ke7 14. Nb6
Kxf7 15. Nxc8 Na6 16. a3 Nb8 17. d4 Ke6 18. d5+ Kd7 19. Nb6+ Ke8 20. dxc6 bxc6
21. Nf3 h5 22. Kb1 Na6 23. Nh4 Rh6 24. Nf5 Rg6 25. Nxd6+ Ke7 26. g3 Kd8 27. Nbc4
Kc7 28. Rd2 Nc5 29. Rhd1 Bh6 30. Ne8+ Kb7 31. Rd8 Rg8 32. Nxa5+ Kb6 33. b4 Na6
34. R1d6 Nc7 35. Rxc6+ Kb5 36. Nxc7+ Ka4 37. Rxg8 Kxa3 38. Ra8 Bd2 39. Nc4+ Kxb4
40. Nxd2 1-0

[Event "Challenge"]
[Site "http://www.queenalice.com/game.php?id=408434"]
[Date "2008.5.26"]
[Round "-"]
[White "rico"]
[Black "braun_howard"]
[Result "0-1"]
[WhiteElo "1169"]
[BlackElo "1400"]

1. e3 e5 2. Nf3 Nc6 3. c4 e4 4. Nd4 Nxd4 5. exd4 c5 6. dxc5 Bxc5 7. Qg4 Qf6 8.
f3 d6 9. Qxe4+ Ne7 10. d3 O-O 11. Nc3 Bb4 12. Bd2 Be6 13. a3 Bxc3 14. Bxc3 Qg5
15. h4 Qg3+ 16. Ke2 Rfe8 17. Qg4 Nf5 18. Qxg3 Nxg3+ 19. Ke3 Nxh1 20. Be1 Bxc4+
21. Kf4 Bb3 22. g4 f6 23. Bg2 g5+ 24. hxg5 fxg5+ 25. Kxg5 Re5+ 26. Kf4 Rf8# 0-1

[Event "Challenge"]
[Site "http://www.queenalice.com/game.php?id=408439"]
[Date "2008.5.26"]
[Round "-"]
[White "braun_howard"]
[Black "MONTENEGRO"]
[Result "1/2-1/2"]
[WhiteElo "1453"]
[BlackElo "1472"]

1. e4 e5 2. Nc3 Nf6 3. Bc4 Bb4 4. Nd5 Nxd5 5. exd5 d6 6. Bb5+ Bd7 7. Bxd7+ Nxd7
8. a3 Bc5 9. b4 Bb6 10. Bb2 O-O 11. c4 c6 12. Nh3 cxd5 13. cxd5 Re8 14. O-O Nf6
15. Ng5 Nxd5 16. Qh5 h6 17. Qxf7+ Kh8 18. Qxd5 Qxg5 19. Qxd6 Rad8 20. h4 Rxd6
21. hxg5 hxg5 22. Rfe1 Rxd2 23. Bxe5 Bxf2+ 24. Kf1 Bxe1 25. Rxe1 Kh7 26. Bc3
Rf8+ 27. Kg1 Rc2 28. Bd4 Rd8 29. Bxa7 Ra8 30. Be3 Kg6 31. Ra1 Rc3 32. Bc1 b5 33.
Bb2 Rc2 34. Bd4 Rd8 35. Bc5 Rcd2 36. Kh2 Re8 37. a4 Ra8 38. a5 Kf5 39. Rf1+ Ke4
40. Kh3 Kd3 41. Rf3+ Kc4 42. Rf5 Rb2 43. Rxg5 Rb3+ 44. g3 Rxb4 45. Bxb4 Kxb4 46.
Rxg7 Rxa5 47. g4 Ra3+ 48. Kh4 Kc3 49. g5 b4 50. Kh5 b3 51. Rb7 b2 52. g6 Kc2 53.
g7 Ra8 54. Kh6 b1=Q 55. Rxb1 Kxb1 1/2-1/2

[Event "Challenge"]
[Site "http://www.queenalice.com/game.php?id=409027"]
[Date "2008.5.27"]
[Round "-"]
[White "rico"]
[Black "braun_howard"]
[Result "0-1"]
[WhiteElo "1162"]
[BlackElo "1407"]

1. e3 e5 2. Nc3 d5 3. Nf3 Nc6 4. d4 e4 5. Ne5 Nxe5 6. dxe5 Bb4 7. Qxd5 Qxd5 8.
Bd2 Qxe5 9. f4 Qe7 10. Nd5 Bxd2+ 11. Kxd2 Qc5 12. c4 Qa5+ 13. b4 Qa3 14. Kc2 Kd8
15. c5 Be6 16. Rd1 Qxa2+ 17. Kc1 Bxd5 18. Rd2 Qa3+ 19. Kc2 c6 20. b5 Kc7 21.
bxc6 bxc6 22. Be2 Rb8 23. Rxd5 Rb2+ 24. Kc1 Qa1# 0-1

[Event "Challenge MOTHERFACKO!!!"]
[Site "http://www.queenalice.com/game.php?id=413632"]
[Date "2008.6.5"]
[Round "-"]
[White "rico"]
[Black "braun_howard"]
[Result "0-1"]
[WhiteElo "1164"]
[BlackElo "1430"]

1. e3 e5 2. Nf3 Nc6 3. d4 e4 4. Ne5 Nxe5 5. dxe5 Qg5 6. Qd4 c6 7. Qxe4 d5 8. Qf4
Qg6 9. Bd3 Qxg2 10. Rf1 f6 11. Qg3 Qh3 12. Qxh3 Bxh3 13. Rg1 fxe5 14. f4 exf4
15. exf4 Bc5 16. Rxg7 O-O-O 17. Bxh7 Re8+ 18. Kd2 Nf6 19. Bg6 Re3 20. Rf7 Bg4
21. c3 Rxh2# 0-1

[Event "Challenge"]
[Site "http://www.queenalice.com/game.php?id=419433"]
[Date "2008.6.18"]
[Round "-"]
[White "luiz_gustavo"]
[Black "braun_howard"]
[Result "0-1"]
[WhiteElo "1435"]
[BlackElo "1454"]

1. e4 e5 2. Nf3 Nc6 3. Bb5 Nd4 4. Nxd4 exd4 5. d3 c6 6. Ba4 Qa5+ 7. c3 b5 8. b4
Qxa4 9. Qxa4 bxa4 10. cxd4 Bxb4+ 11. Bd2 a5 12. Nc3 Ba6 13. Ke2 Nf6 14. a3 Bxc3
15. Bxc3 O-O 16. f3 d5 17. Rab1 dxe4 0-1

[Event "Challenge"]
[Site "http://www.queenalice.com/game.php?id=419434"]
[Date "2008.6.18"]
[Round "-"]
[White "braun_howard"]
[Black "luiz_gustavo"]
[Result "0-1"]
[WhiteElo "1461"]
[BlackElo "1667"]

1. e4 e5 2. Nf3 Nc6 3. Nc3 Nf6 4. d4 exd4 5. Nxd4 Nxd4 6. Qxd4 d6 7. Bg5 Be7 8.
Bxf6 Bxf6 9. Qd3 Be6 10. Qb5+ c6 11. Qxb7 Bd7 12. O-O-O Bxc3 13. bxc3 O-O 14.
Rxd6 Qg5+ 15. Kd1 Bc8 16. Qxc6 Rb8 17. Rd5 Rb1+ 18. Ke2 Qe7 19. Ke3 Re8 20. f3
f5 21. Bd3 Rxh1 22. g4 Bb7 23. Qxe8+ Qxe8 24. Rxf5 Rxh2 25. Bc4+ Kh8 26. Bb5 Qd8
27. Bd7 Bc8 28. e5 Bxd7 0-1

[Event "Challenge"]
[Site "http://www.queenalice.com/game.php?id=604516"]
[Date "2009.6.16"]
[Round "-"]
[White "braun_howard"]
[Black "bumpywater"]
[Result "0-1"]
[WhiteElo "1409"]
[BlackElo "1700"]

1. e4 e5 2. Nc3 Bb4 3. Nd5 Ba5 4. b4 Bb6 5. Bb2 Nf6 6. Nh3 Nxe4 7. Bxe5 d6 8.
Bc3 Bxh3 9. Nxb6 axb6 10. gxh3 O-O 11. Qg4 Nf6 12. Qg2 Re8+ 13. Kd1 Nc6 14. Rg1
g6 15. Qg5 Kg7 16. Bb5 h6 17. Qh4 Re4 18. f4 Nd4 19. d3 Nf3 20. Bxf6+ Qxf6 21.
Qxf6+ Kxf6 22. dxe4 Nxg1 23. h4 Nf3 24. a4 Nxh4 25. Ke2 c6 26. Bd3 b5 27. Kf2
bxa4 28. b5 c5 0-1

[Event "AUTO-INT-1347"]
[Site "http://www.queenalice.com/game.php?id=604763"]
[Date "2009.6.16"]
[Round "1"]
[White "braun_howard"]
[Black "julioisdi"]
[Result "0-1"]
[WhiteElo "1438"]
[BlackElo "1642"]

1. e4 e5 2. Nc3 Nf6 3. a3 c6 4. b4 d5 5. d3 d4 6. Na4 b5 7. Nc5 Bxc5 8. bxc5 Na6
9. a4 Nxc5 10. Bg5 h6 11. Bxf6 Qxf6 12. axb5 cxb5 13. Qd2 O-O 14. Qb4 Qb6 15.
Rb1 Bd7 16. Nf3 a5 17. Qb2 f6 18. c3 Na4 19. Qb3+ Kh7 20. cxd4 exd4 21. Qd5 Nc3
22. Qxd7 Nxb1 23. e5 b4 24. Nd2 Rad8 25. Qf5+ g6 0-1

[Event "AUTO-INT-1347"]
[Site "http://www.queenalice.com/game.php?id=604764"]
[Date "2009.6.16"]
[Round "1"]
[White "julioisdi"]
[Black "braun_howard"]
[Result "1-0"]
[WhiteElo "1610"]
[BlackElo "1447"]

1. e4 e5 2. Nf3 d6 3. c3 c6 4. d4 Nd7 5. g3 Ngf6 6. Bg5 Qb6 7. b4 Nxe4 8. Nbd2
Nxg5 9. Nxg5 exd4 10. Nc4 Qc7 11. Qxd4 d5 12. Ne3 h6 13. Nf3 f6 14. Nf5 c5 15.
Qxd5 cxb4 16. c4 g6 17. N5h4 Nb6 18. Qe4+ Kd8 19. Rd1+ Bd7 20. Nxg6 Rg8 21. Rd4
Kc8 22. Bh3 Bxh3 23. Qe8+ Qd8 24. Qxd8# 1-0

[Event "AUTO-INT-1347"]
[Site "http://www.queenalice.com/game.php?id=604765"]
[Date "2009.6.16"]
[Round "1"]
[White "braun_howard"]
[Black "oirritado"]
[Result "0-1"]
[WhiteElo "1430"]
[BlackElo "1660"]

1. e4 e5 2. Nf3 Nc6 3. a3 Nf6 4. Nc3 Bc5 5. b4 Bb6 6. h3 O-O 7. Bb5 a6 8. Bxc6
bxc6 9. Nxe5 Bb7 10. d4 d6 11. Nc4 d5 12. exd5 cxd5 13. Na5 Bxa5 14. bxa5 Ne4
15. Nxe4 dxe4 16. c3 e3 17. Bxe3 Bxg2 18. Rg1 Bxh3 19. Qf3 Qd7 20. Rg3 Qf5 21.
Rxh3 Qxf3 22. Rxf3 Rab8 23. Kd2 Rb2+ 24. Kd3 Rfb8 25. Bf4 R8b7 26. Rg1 c6 0-1

[Event "AUTO-INT-1347"]
[Site "http://www.queenalice.com/game.php?id=604766"]
[Date "2009.6.16"]
[Round "1"]
[White "oirritado"]
[Black "braun_howard"]
[Result "1-0"]
[WhiteElo "1685"]
[BlackElo "1414"]

1. e4 e5 2. Nf3 Nc6 3. Bc4 Nh6 4. d3 Nb4 5. Bxh6 gxh6 6. Nxe5 d5 7. exd5 Nxd5 8.
Nc3 Be6 9. O-O Bg7 10. Qh5 Bxe5 11. Qxe5 O-O 12. Bxd5 Bxd5 13. Nxd5 f6 14. Qg3+
Kf7 15. Qxc7+ Qxc7 16. Nxc7 Rac8 17. Nb5 Rxc2 18. Nd6+ Ke6 19. Nxb7 Rxb2 20.
Rfe1+ Kd5 21. Reb1 Rd2 22. Rd1 Rb2 23. Rdb1 Rc2 24. a4 Kd4 25. Rb3 Rfc8 26. h3
Rc1+ 27. Rxc1 1-0

[Event "AUTO-INT-1347"]
[Site "http://www.queenalice.com/game.php?id=604767"]
[Date "2009.6.16"]
[Round "1"]
[White "braun_howard"]
[Black "zad2"]
[Result "0-1"]
[WhiteElo "1418"]
[BlackElo "1706"]

1. e4 e5 2. d4 Bd6 3. Nf3 Qe7 4. c3 Nc6 5. Bg5 f6 6. Be3 Qe6 7. d5 Qe7 8. dxc6
dxc6 9. b4 Be6 10. Na3 Qf7 11. c4 Bxb4+ 12. Nd2 Ne7 13. Rc1 Bxa3 14. Rc3 Bb4 15.
Rb3 Bxd2+ 16. Qxd2 Bxc4 17. Rxb7 Bxf1 18. Rxf1 O-O 19. Rxc7 Rfb8 20. f4 Rb1+ 0-1

[Event "AUTO-INT-1347"]
[Site "http://www.queenalice.com/game.php?id=604768"]
[Date "2009.6.16"]
[Round "1"]
[White "zad2"]
[Black "braun_howard"]
[Result "1-0"]
[WhiteElo "1701"]
[BlackElo "1423"]

1. e4 e5 2. Nf3 d6 3. Nc3 c6 4. d4 Bg4 5. Be2 Bxf3 6. Bxf3 Be7 7. O-O exd4 8.
Qxd4 Bf6 9. Qd3 Ne7 10. Bf4 Be5 11. Bxe5 dxe5 12. Qxd8+ Kxd8 13. Rad1+ Kc7 14.
Bg4 b5 15. Rd2 Na6 16. Rd7+ Kb6 17. Rxe7 h5 18. Be2 b4 19. Na4+ Ka5 20. Bxa6
Kxa4 21. Rxf7 g5 22. Rf5 1-0

[Event "Challenge"]
[Site "http://www.queenalice.com/game.php?id=604818"]
[Date "2009.6.16"]
[Round "-"]
[White "domino429"]
[Black "braun_howard"]
[Result "1-0"]
[WhiteElo "1675"]
[BlackElo "1400"]

1. e4 e5 2. Nf3 d6 3. d4 Nd7 4. Bc4 Nb6 5. Bb5+ c6 6. Be2 Nf6 7. Bg5 h6 8. Bxf6
gxf6 9. O-O Bg4 10. d5 Rg8 11. h3 Bh5 12. Nbd2 cxd5 13. Bb5+ Ke7 14. g4 a6 15.
Bd3 f5 16. Kh2 fxg4 17. Rg1 Qd7 18. hxg4 Bxg4 19. Be2 dxe4 20. Nh4 h5 21. Nxe4
Qc6 22. f3 d5 23. Nf5+ Ke6 24. fxg4 dxe4 25. b3 1-0

[Event "Challenge"]
[Site "http://www.queenalice.com/game.php?id=604819"]
[Date "2009.6.16"]
[Round "-"]
[White "braun_howard"]
[Black "domino429"]
[Result "0-1"]
[WhiteElo "1405"]
[BlackElo "1670"]

1. e4 e5 2. Nc3 Nf6 3. d3 Bc5 4. Be3 Bxe3 5. fxe3 O-O 6. Nd5 Nxd5 7. exd5 Qh4+
8. g3 Qb4+ 9. c3 Qxb2 10. Ne2 d6 11. Qb1 Qa3 12. Qb3 Qxb3 13. axb3 c6 14. e4
cxd5 15. exd5 Bf5 16. d4 Be4 17. Rg1 Bxd5 18. Bg2 Bxg2 19. Rxg2 Nc6 20. d5 Ne7
21. c4 Nf5 22. Rd1 Ne3 23. Rf2 Nxd1 0-1